|
|
|
|
| LEADER |
00000nam0a2200000 4500 |
| 001 |
292192 |
| 005 |
20231102000453.0 |
| 035 |
|
|
|a (RuTPU)RU\TPU\book\316807
|
| 090 |
|
|
|a 292192
|
| 100 |
|
|
|a 20150421d1952 k y0rusy50 ca
|
| 101 |
0 |
|
|a rus
|
| 102 |
|
|
|a RU
|
| 105 |
|
|
|a a z 001zy
|
| 200 |
1 |
|
|a Применение ультраакустических методов в практике физико-химических исследований
|f Б. Б. Кудрявцев
|
| 210 |
|
|
|a Москва
|a Ленинград
|c Гостехиздат
|d 1952
|
| 215 |
|
|
|a 323 с.
|c ил.
|
| 320 |
|
|
|a Цитированная литература: с. 309-318
|
| 320 |
|
|
|a Предметный указатель: с. 319-323
|
| 606 |
1 |
|
|a Ультразвук
|x Химическое действие
|2 stltpush
|3 (RuTPU)RU\TPU\subj\74302
|9 86685
|
| 610 |
1 |
|
|a физико-химические исследования
|
| 610 |
1 |
|
|a получение
|
| 610 |
1 |
|
|a скорость
|
| 610 |
1 |
|
|a измерения
|
| 610 |
1 |
|
|a поглощения
|
| 610 |
1 |
|
|a применение
|
| 675 |
|
|
|a 544.57
|v 3
|
| 700 |
|
1 |
|a Кудрявцев
|b Б. Б.
|
| 801 |
|
1 |
|a RU
|b 63413507
|c 20150421
|
| 801 |
|
2 |
|a RU
|b 63413507
|c 20170116
|g RCR
|
| 942 |
|
|
|c BK
|